Normal view MARC view
  • Chang, K.C

Entry Personal Name

Number of records used in: 1

001 - CONTROL NUMBER

  • control field: 105882

003 - CONTROL NUMBER IDENTIFIER

  • control field: NUST

005 - DATE AND TIME OF LATEST TRANSACTION

  • control field: 20221226110428.0

008 - FIXED-LENGTH DATA ELEMENTS

  • fixed length control field: 221226|| aca||aabn | a|a d

040 ## - CATALOGING SOURCE

  • Original cataloging agency: NUST
  • Transcribing agency: NUST

100 ## - HEADING--PERSONAL NAME

  • Personal name: Chang, K.C

670 ## - SOURCE DATA FOUND

  • Source citation: Work cat.: (NUST)214229: Chang, K.C, Digital systems design with VHDL and synthesis :, 1999.
© 2023 Central Library, National University of Sciences and Technology. All Rights Reserved.